Código Procesal Penal. Citas de Jurisprudencia. Anotaciones y Concordancias. Índice Temático.
Uloženo v:
| Korporativní autor: | |
|---|---|
| Další autoři: | , , |
| Médium: | Kniha |
| Jazyk: | španělština |
| Vydáno: |
Santiago, Chile:
Legal Publishing,
2008
|
| Vydání: | Octava Edición. |
| Témata: | |
| Tagy: |
Přidat tag
Žádné tagy, Buďte první, kdo vytvoří štítek k tomuto záznamu!
|
MARC
| LEADER | 00000nam a2200000 a 4500 | ||
|---|---|---|---|
| 001 | UCI9443 | ||
| 003 | CL-VaPUC | ||
| 005 | 20241002102445.0 | ||
| 008 | 081120e20080000CL |||||||||||||||||spa|d | ||
| 999 | |c 331979 |d 331977 | ||
| 020 | |a 9562384462 | ||
| 040 | |c Pontificia Universidad Católica de Valparaíso | ||
| 082 | 0 | 4 | |a 345.8305 CHI 2008 |2 21 |
| 110 | 1 | |a Chile |9 890760 | |
| 245 | 1 | 0 | |a Código Procesal Penal. |b Citas de Jurisprudencia. Anotaciones y Concordancias. Índice Temático. |
| 250 | |a Octava Edición. |b Actualizada al 23 de septiembre de 2008. | ||
| 260 | |a Santiago, Chile: |b Legal Publishing, |c 2008 | ||
| 300 | |a 283 páginas | ||
| 505 | |a Mensaje. -Libro Primero. Disposiciones Generales. -Libro Segundo. Procedimiento Ordinario. -Libro Tercero. Recursos. -Libro Cuarto. Procedimientos Especiales y Ejecución. Apéndice: -Ley N.º 19.640. Establece la Ley Orgánica Constitucional del Ministerio Público. (D.O. de 15 de octubre de 1999). -Ley N.º 19.718. Crea la Defensoría Penal Pública. (D.O. de 10 de marzo de 2001). | ||
| 583 | |a last modification |c 20081120 00:00:00 |k Rodrigo Vera | ||
| 650 | 1 | |a Derecho penal chileno |9 891902 | |
| 650 | 1 | |a Derecho procesal penal |9 891903 | |
| 650 | 1 | |a Código procesal penal |9 432657 | |
| 650 | 1 | |a Jurisprudencia procesal |9 254972 | |
| 700 | |a Bernales Pereira, José |9 891910 | ||
| 700 | |a Aguilar Aranela, Cristían |9 891911 | ||
| 700 | |a Troncoso Morales, Juan Andrés |9 891912 | ||
| 942 | |c BK |2 ddc | ||
| 945 | |d 20081120 00:00:00 |a rbrito | ||
| 952 | |0 0 |1 0 |4 0 |6 345_830500000000000_CHI_2008 |7 0 |8 R |9 419275 |a BIBDER |b BIBDER |d 2019-11-22 |i 4498933 |o 345.8305 CHI 2008 |p 4498933 |r 2023-01-25 |w 2019-11-22 |y BK_R |k DER | ||